00523nam a2200193 a 4500001001300000003000900013005001700022008004100039020001300080082001400093100001900107245003500126260004500161300000900206500003500215505004800250650001200298700001900310nice12345678IN_TiNIC20260116013357.0050524s1968 newa grp 000 0 eng  ac232.6500a296bCOH1 aCohon, Beryl D aJudaism in Theory and Practice aNew YorkbBloch Publishing Companyc1968 a276p aincludes index and biblioraphy2 aNotes, Selected English Bibliography, Index aJudaism1 aCohon, Beryl D